LEADER 01592nas 2200397 n 450 001 990009003890403321 005 20240229084342.0 011 $a0268-8638 035 $a000900389 035 $aFED01000900389 035 $a(Aleph)000900389FED01 035 $a000900389 091 $2CNR$aP 00056008 100 $a20161109a19419999km-y0itaa50------ba 101 0 $aeng 102 $aGB 110 $aauu-------- 200 1 $aMediaeval and Renaissance studies 207 1$a1941- 210 $aWorchester - London$c[s.n.] 421 0$1001000900390$12001$aMediaeval and Renaissance studies. Supplement 530 0 $aMediaeval and Renaissance studies 675 $a940.1 675 $a7 675 $a940 712 02$aUniversity of London$bWarburg Institute 801 0$aIT$bACNP$c20090723 859 4 $uhttp://acnp.cib.unibo.it/cgi-ser/start/it/cnr/dc-p1.tcl?catno=38197&person=false&language=ITALIANO&libr=&libr_th=unina1$zBiblioteche che possiedono il periodico 901 $aSE 912 $a990009003890403321 958 $aBRAU. Biblioteca di Ricerca di Area Umanistica$b1950;1954;1958;1961;1968;$eGRAN BRETAGNA 13$fFLFBC 959 $aFLFBC 996 $aMediaeval and Renaissance studies$9791645 997 $aUNINA AP1 8 $6866-01$aNA072 BRAU. Biblioteca di Ricerca di Area Umanistica$bGRAN BRETAGNA 13$ePiazza Bellini 56/60, 80133 Napoli (NA)$m(081) 2533948$nit AP2 40$aacnp.cib.unibo.it$nACNP Italian Union Catalogue of Serials$uhttp://acnp.cib.unibo.it/cgi-ser/start/it/cnr/df-p.tcl?catno=38197&language=ITALIANO&libr=&person=&B=1&libr_th=unina&proposto=NO